| 000 | 00753cam a22002291 4500 | ||
|---|---|---|---|
| 001 | he 68000278 | ||
| 003 | DLC | ||
| 005 | 20260227111453.0 | ||
| 008 | 841219s1967 is 000 0 heb | ||
| 010 | _ahe 68000278 | ||
| 035 | _a(OCoLC)19201545 | ||
| 040 |
_aDLC _cMH _dDLC |
||
| 042 | _apremarc | ||
| 050 | 0 | 0 |
_aCT1919.P3 _bW56 |
| 100 | 1 | _aWircberg, Beni. | |
| 245 | 1 | 0 |
_aMi-ge ha-haregah-le-Shaʻar ha-gai : _bpirḳe yoman, zikhronot u-reshamim mi-yeme ha-Shoʼah...ʻad li-yeme teḳumat Medinat Yiśraʼel |
| 260 |
_aRamat Gan : _bMasadah, _c[1967] |
||
| 300 |
_a214 p. ; _c23 cm. |
||
| 650 | 0 |
_aWorld War, 1939-1945 _xPersonal narratives, Jewish. |
|
| 650 | 0 |
_aIsrael-Arab War, 1948-1949 _xPersonal narratives. |
|
| 752 |
_aIsrael _dRamat Gan |
||
| 999 |
_c32871 _d32871 |
||